RURAL DEVELOPMENT: (Record no. 3453)

MARC details
000 -LEADER
fixed length control field 00308nam a22001097a 4500
008 - FIXED-LENGTH DATA ELEMENTS--GENERAL INFORMATION
fixed length control field 151012b xxu||||| |||| 00| 0 eng d
020 ## - INTERNATIONAL STANDARD BOOK NUMBER
International Standard Book Number 0582644437.
082 ## -
Classification number 307.14 CHA
100 ## - MAIN ENTRY--PERSONAL NAME
Personal name CHAMBERS ROBERT.
245 ## - TITLE STATEMENT
Title RURAL DEVELOPMENT:
Remainder of title PUTTING THE LAST FIRST
260 ## - PUBLICATION, DISTRIBUTION, ETC. (IMPRINT)
Place of publication, distribution, etc. LONDON:
Name of publisher, distributor, etc. LONGMAN GROUP LIMITED,
Date of publication, distribution, etc. 1983.
Holdings
Withdrawn status Lost status Source of classification or shelving scheme Damaged status Koha normalized classification for sorting Not for loan Home library Current library Shelving location Date acquired Total Checkouts Full call number Barcode Date last seen Price effective from Koha item type Copy number
    Dewey Decimal Classification   307_140000000000000_CHA Not For Loan Dodoma Dodoma Reference 12/10/2015   307.14 CHA 000000012222 29/07/2019 12/10/2015 BOOKS  
    Dewey Decimal Classification   307_140000000000000_CHA Not For Loan Dodoma Furaha Reference 01/04/2016   307.14 CHA   24/07/2019 01/04/2016 BOOKS 10

IRDP © 2021 :: Managed by ICT Team